Gatorade Color Of Every Superbowl Since 2001 - Statistics

General Stats
  • This quiz has been taken 104 times
  • The average score is 18 of 23
Answer Stats
Years Winner Answer % Correct
2022 Rams Blue
100%
2021 Buccaneers Blue
100%
2019 Patriots Blue
100%
2015 Patriots Blue
100%
2018 Eagles Yellow
100%
2009 Steelers Yellow
100%
2001 Ravens Yellow
100%
2020 Chiefs Orange
97%
2016 Broncos Orange
97%
2014 Seahawks Orange
97%
2011 Packers Orange
97%
2010 Saints Orange
97%
2023 Chiefs Purple
97%
2012 Giants Purple
97%
2003 Buccaneers Purple
97%
2008 Giants Clear
56%
2007 Colts Clear
56%
2006 Steelers Clear
56%
2005 Patriots Clear
56%
2017 Patriots None
29%
2013 Ravens None
29%
2004 Patriots None
29%
2002 Patriots None
29%
No matching quizzes found
Score Distribution
Percent of People with Each Score
Percentile by Number Answered
Your Score History
You have not taken this quiz